Za pánom profesorom Gašparíkom

Bibliographic Details
Main Author: Minárik, Jozef, 1922-2008 (Author)
Format: Article
Language:Slovak
ISSN:0037-6973
Subjects:

MARC

LEADER 00000nab a2200000 a 4500
001 vtls000862211
003 SK-MaSNL
005 20260304115547.0
008 250429c2003 xo 0 slo
015 |a SNBRB2004/02-04335 
035 |a CLN000213796 
035 |a urn:nbn:sk:snk-abf4a9 
035 |a (urnnbn)urn:nbn:sk:snk:ar-004ysx 
035 |a (uuid)3e7b5e12-c733-4476-bd8a-c274f0b5ce70 
040 |a SNKBUCL  |b slo  |c SNKBUCL  |e AACR2 
041 0 |a slo 
044 |a xo  |c SK 
080 |a 82:929:821.162.4  |2 1997 
080 |a 929 Gašparík, Mikuláš  |2 1997 
080 |a 821.162.4:929  |2 1997 
100 1 |a Minárik, Jozef,  |d 1922-2008  |4 aut  |9 119628 
245 1 0 |a Za pánom profesorom Gašparíkom  |c Jozef Minárik 
600 1 7 |a Gašparík, Mikuláš,  |d 1916-2003  |2 snkbucl  |9 105439 
655 7 |a články z novín a časopisov  |2 snkbucl  |9 267496 
773 0 |t Slovenská literatúra  |g Roč. 50, č. 5 (2003), s. 408-410  |x 0037-6973 
850 |a Slovenská národná knižnica 
852 |a Slovenská národná knižnica 
954 |a odborná, vedecká literatúra pôvodná (slovenská)  |2 lita 
958 |a article27 
958 |a LX 
958 |a BX 
958 |a OND 
958 |a EUIPO 
992 |a RBX 
999 |c 2876366  |d 2878296